000
00259pam a2200121 a 4500
020
_c
041
_h
082
_a
708
_b
AVA
245
_a
Raza
_h
Textual Documents
260
_a
[s.l]:
_b
Vadhera Art Gallery,
_c
1997.
300
_a
100:
_b
paper.
930
_a
7072
999
_c
240862
_d
240862